| 000 | 01644cab a22002535a 4500 | ||
|---|---|---|---|
| 001 | L147785 | ||
| 008 | 090617e20090613xxk 000 0 eng d | ||
| 035 | _a(Sirsi) u147785 | ||
| 041 | 0 | _aeng | |
| 100 | 1 | _aFreedman, Philip | |
| 245 | 0 | 0 | _aDifferences of opinion |
| 260 | _c2009 | ||
| 490 |
_aEstates Gazette _v(0923) 13 June 2009, 84-46(2) |
||
| 520 | _aDiscusses recent case law concerning service charge disputes between landlords and tenants. "Douglas Shelf Seven Ltd v Co-operative Wholesale Society Ltd" [L137177] held that costs cannot be recovered from a tenant through a service charge unless wording in lease expressly provides for this. "Boots Uk Ltd v Trafford Centre Ltd" (L146772) deals with the question of whether costs incurred by landlord for Christmas marketing activities such as a Santa's grotto and Christmas decoration fell within the definition of promotional costs. "Leonora Investment Co Ltd v Mott MacDonald Ltd" (L145457) reminds landlords of the importance of following procedural requirements in a lease for recovering service charges. | ||
| 590 | _aKA | ||
| 650 | 2 | 4 | _aDOUGLAS SHELF SEVEN LTD V CO-OPERATIVE WHOLESALE SOCIETY LTD |
| 650 | 2 | 4 | _aBOOTS UK LTD V TRAFFORD CENTRE LTD |
| 650 | 2 | 4 | _aLEONORA INVESTMENT CO LTD V MOTT MACDONALD LTD |
| 650 | 2 | 4 | _aUNIVERSITIES SUPERANNUNATION SCHEME LTD V MARKS & SPENCER PLC |
| 651 | 4 |
_aUnited Kingdom _y |
|
| 690 | _aPROPERTY-COMMERCIAL PROPERTY-LEASEHOLD COMMERCIAL PROPERTY-COMMERCIAL LANDLORD AND TENANT-COMMERCIAL SERVICE CHARGES | ||
| 856 | 4 | 8 |
_uhttps://www.bailii.org/ew/cases/EWHC/Ch/2008/3372.html _zView the report at www.bailii.org... |
| 942 | _n0 | ||
| 999 |
_c81642 _d81642 |
||